<?xml version="1.0" encoding="UTF-8"?>
<record
    xmlns:xsi="http://www.w3.org/2001/XMLSchema-instance"
    xsi:schemaLocation="http://www.loc.gov/MARC21/slim http://www.loc.gov/standards/marcxml/schema/MARC21slim.xsd"
    xmlns="http://www.loc.gov/MARC21/slim">

  <leader>01968nam a2200301 i 4500</leader>
  <controlfield tag="003">DO-SdBNP</controlfield>
  <controlfield tag="005">20240312144030.0</controlfield>
  <controlfield tag="007">ta</controlfield>
  <controlfield tag="008">240312s2001    dr a          000 0 spa d</controlfield>
  <datafield tag="020" ind1=" " ind2=" ">
    <subfield code="a">848261424X</subfield>
  </datafield>
  <datafield tag="040" ind1=" " ind2=" ">
    <subfield code="a">DO-SdBNP</subfield>
    <subfield code="b">spa</subfield>
    <subfield code="c">BNPHU</subfield>
    <subfield code="e">rda</subfield>
  </datafield>
  <datafield tag="082" ind1=" " ind2=" ">
    <subfield code="a">372.632</subfield>
    <subfield code="b">I37</subfield>
    <subfield code="2">22</subfield>
  </datafield>
  <datafield tag="100" ind1=" " ind2=" ">
    <subfield code="a">Inch&#xE1;ustegui, Mar&#xED;a Isabel</subfield>
    <subfield code="9">29568</subfield>
  </datafield>
  <datafield tag="245" ind1="1" ind2="0">
    <subfield code="a">Ortograf&#xED;a 3 :</subfield>
    <subfield code="b">educaci&#xF3;n b&#xE1;sica /</subfield>
    <subfield code="c">Mar&#xED;a Isabel Inch&#xE1;ustegui ; direcci&#xF3;n editorial Obdulia Garc&#xED;a de Escobar ; ilustraci&#xF3;n Ruddy N&#xFA;&#xF1;ez.</subfield>
  </datafield>
  <datafield tag="264" ind1=" " ind2="1">
    <subfield code="a">Santo Domingo ;</subfield>
    <subfield code="b">Santillana, </subfield>
    <subfield code="c">2001.</subfield>
  </datafield>
  <datafield tag="300" ind1=" " ind2=" ">
    <subfield code="a">55 p&#xE1;ginas</subfield>
    <subfield code="b">ilustraciones</subfield>
    <subfield code="c">28 cm.</subfield>
  </datafield>
  <datafield tag="336" ind1=" " ind2=" ">
    <subfield code="2">rdacontent</subfield>
    <subfield code="a">texto</subfield>
    <subfield code="b">txt</subfield>
  </datafield>
  <datafield tag="337" ind1=" " ind2=" ">
    <subfield code="2">rdamedia</subfield>
    <subfield code="a">sin mediaci&#xF3;n</subfield>
    <subfield code="b">n</subfield>
  </datafield>
  <datafield tag="338" ind1=" " ind2=" ">
    <subfield code="2">rdacarrier</subfield>
    <subfield code="a">volumen</subfield>
    <subfield code="b">nc</subfield>
  </datafield>
  <datafield tag="490" ind1="1" ind2=" ">
    <subfield code="a">Umbral</subfield>
  </datafield>
  <datafield tag="500" ind1=" " ind2=" ">
    <subfield code="a">Educaci&#xF3;n b&#xE1;sica.</subfield>
  </datafield>
  <datafield tag="505" ind1="0" ind2=" ">
    <subfield code="g">unidad 1 --</subfield>
    <subfield code="t">Vamos a sembrar --</subfield>
    <subfield code="t">Palabras con br --</subfield>
    <subfield code="g">unidad 2 --</subfield>
    <subfield code="t">Cuidemos nuestra salud --</subfield>
    <subfield code="t">Palabras con ca, co, cu --</subfield>
    <subfield code="g">unidad 3 --</subfield>
    <subfield code="t">Necesito Trabajar --</subfield>
    <subfield code="t">Palabras con cr --</subfield>
    <subfield code="g">unidad 4 --</subfield>
    <subfield code="t">En la ciudad --</subfield>
    <subfield code="t">Palabras con bl -</subfield>
    <subfield code="g">unidad 5 --</subfield>
    <subfield code="t">En el parque --</subfield>
    <subfield code="t">Palabras con gr --</subfield>
    <subfield code="g">unidad 6 --</subfield>
    <subfield code="t">C&#xF3;mo se fabrican --</subfield>
    <subfield code="t">Palabras con dr --</subfield>
    <subfield code="g">unidad 7 --</subfield>
    <subfield code="t">De fruta a mermelada --</subfield>
    <subfield code="t">Palabras con pr --</subfield>
    <subfield code="g">unidad 8 --</subfield>
    <subfield code="t">Viaje por el universo --</subfield>
    <subfield code="t">Palabras con x --</subfield>
    <subfield code="g">unidad 9 --</subfield>
    <subfield code="t">Habitantes del planeta --</subfield>
    <subfield code="t">El alfabeto --</subfield>
    <subfield code="g">unidad 10 --</subfield>
    <subfield code="t">&#xBF;Qui&#xE9;nes somos? --</subfield>
    <subfield code="t">Min&#xFA;sculas y may&#xFA;sculas --</subfield>
    <subfield code="g">unidad 11 --</subfield>
    <subfield code="t">Te invito a mi fiesta --</subfield>
    <subfield code="t">La s&#xED;laba con nv y nf --</subfield>
    <subfield code="g">unidad 12 --</subfield>
    <subfield code="t">El mundo animal --</subfield>
    <subfield code="t">La s&#xED;laba t&#xF3;nica --</subfield>
    <subfield code="g">unidad 13 --</subfield>
    <subfield code="t">Cosas que pasan --</subfield>
    <subfield code="t">Palabras con gue, g&#xFC;e y g&#xFC;i --</subfield>
    <subfield code="g">unidad 14 --</subfield>
    <subfield code="t">A preparar recetas --</subfield>
    <subfield code="t">La r y la rr --</subfield>
    <subfield code="g">unidad 15 --</subfield>
    <subfield code="t">Trabajan para nosotros --</subfield>
    <subfield code="t">El punto --</subfield>
    <subfield code="g">unidad 16 --</subfield>
    <subfield code="t">Amigos de juegos --</subfield>
    <subfield code="t">La coma --</subfield>
    <subfield code="g">unidad 17 --</subfield>
    <subfield code="t">Proyectos escolares --</subfield>
    <subfield code="t">Los dos puntos /</subfield>
  </datafield>
  <datafield tag="590" ind1=" " ind2=" ">
    <subfield code="a">Inventariado, 2024/ YL</subfield>
  </datafield>
  <datafield tag="700" ind1="1" ind2=" ">
    <subfield code="a">Garc&#xED;a Escobar, Obdulia de</subfield>
    <subfield code="e">direcci&#xF3;n</subfield>
    <subfield code="9">29220</subfield>
  </datafield>
  <datafield tag="700" ind1="1" ind2=" ">
    <subfield code="a">N&#xFA;&#xF1;ez, Ruddy</subfield>
    <subfield code="e">ilustraci&#xF3;n </subfield>
    <subfield code="9">23171</subfield>
  </datafield>
  <datafield tag="910" ind1=" " ind2=" ">
    <subfield code="a">YLockward</subfield>
  </datafield>
  <datafield tag="942" ind1=" " ind2=" ">
    <subfield code="2">ddc</subfield>
    <subfield code="c">LF2</subfield>
  </datafield>
  <datafield tag="952" ind1=" " ind2=" ">
    <subfield code="0">0</subfield>
    <subfield code="1">0</subfield>
    <subfield code="2">ddc</subfield>
    <subfield code="5">1</subfield>
    <subfield code="7">0</subfield>
    <subfield code="8">CIJ-PD</subfield>
    <subfield code="a">BNPHU</subfield>
    <subfield code="b">BNPHU</subfield>
    <subfield code="c">CT</subfield>
    <subfield code="d">2021-02-19</subfield>
    <subfield code="e">Donado por Ana Fernandez</subfield>
    <subfield code="l">0</subfield>
    <subfield code="o">BNPHU CIJ-PD 372.632 I37</subfield>
    <subfield code="p">2024-1394</subfield>
    <subfield code="r">2024-03-12</subfield>
    <subfield code="w">2024-03-12</subfield>
    <subfield code="y">LF2</subfield>
  </datafield>
  <datafield tag="999" ind1=" " ind2=" ">
    <subfield code="c">56085</subfield>
    <subfield code="d">56085</subfield>
  </datafield>
</record>
